000 00613nam a2200217Ia 4500
005 20241129111428.0
008 241129s9999||||xx |||||||||||||| ||und||
020 _a978-81-962650-4-5
037 _aTB
040 _aCRL
_beng
_cCRL
041 _aurd
_2urd
084 _aO168,3N363:g R3
_qCRL
100 _aAbid Asad Abbas Au.
_9724399
245 0 _aNayyar Masood: tashkeeli qiraat
_cAbid Asad Abbas Au.
260 _aLucknow, India
_bMatterlink
_c2023
300 _a279p.
365 _aINR
_b600
650 _aUrdu Fiction
_93298
942 _cTB
_hO168,3N363:g R3
999 _c1230427
_d1230427